| 000 | 00619nam a2200217Ia 4500 | ||
|---|---|---|---|
| 003 | GCL | ||
| 008 | 140319s9999 xx 000 0 eng d | ||
| 040 |
_aGCL / _cGCL |
||
| 082 | 0 | 4 |
_a658.1 _bS B |
| 100 | 1 | _aWIERDSMA, ANDRE | |
| 245 | 1 | 0 |
_aBECOMING A LEARNING ORGANIZATION: BEYOND THE LEARNING CURVE / _cWIERDSMA, ANDRE |
| 700 | 1 | _aSIVIERINGN, JOOP | |
| 260 |
_a[S.N] : _bADDISON - WESLEY PUBLISHING COMPANY ، _c1992 |
||
| 300 | _a153 P | ||
| 650 | 0 | 4 | _aORGANIZATION |
| 650 | 0 | 4 | _aORGANIZATIONAL LEARNING |
| 650 | 0 | 4 | _aLEARNING |
| 650 | 0 | 4 | _aEDUCATION |
| 650 | 0 | 4 | _aORGANIZATIONAL EDUCATION |
| 942 |
_2ddc _cBK |
||
| 999 |
_c11505 _d11505 |
||